000
00282nam a2200097Ia 4500
008
210107s9999 xx 000 0 und d
100
_a
Department of Trade
245
0
_a
Marine automatic radar plotting aid (ARPA) performance specification 1981
260
_a
London
_b
HMSO
942
_c
BK
999
_c
10642
_d
10642